Proyecto clima y arquitectura vol. 1

Bibliographic Details
Main Author: Hinz, Elke
Format: Section = Libro
Language:Undetermined
Spanish
Published: México Gustavo Gili 1986
Subjects:
LEADER 00617nam a2200217Ia 4500
008 240829s9999 xx 000 0 und d
020 |a 968-887-016-1 
040 |a BIBLIOTECA-RUSB/ 720.47 P969 
041 |a spa 
082 |a 720.47 P969 
100 1 |a Hinz, Elke 
245 1 0 |a Proyecto clima y arquitectura vol. 1 
260 |a México  |b Gustavo Gili  |c 1986 
300 |a 198 p. :il. 
650 7 |a ARQUITECTURA Y MEDIO AMBIENTE 
650 7 |b  ANALISIS BIOCLIMATICO 
650 7 |c  DISEÑO - CLIMA CALIDO Y HUMEDO 
650 7 |d  DISEÑO ARQUITECTONICO - DIAGRAMA SOLARES 
942 |c BK  |2 ddc 
991 |a TEXTO 
999 |c 5032